000 00624nam a22002057a 4500
005 20250304101140.0
008 250304b |||||||| |||| 00| 0 eng d
040 _aJKKN
082 _a391.009595
_bZUB
100 _aZubaidah Sual
_94901
245 _aKebaya Malaysia :
_bMalaysian Kebaya
_cZubaidah Sual
264 1 _aKuala Lumpur :
_bJabatan Warisan Negara,
_c2024.
300 _a96 pages:
_bcol. illustrations;
_c28 cm.
337 _2rdamedia
_aunmediated
338 _2rdacarrier
_avolume
650 1 0 _aEthnic costume
_zMalaysia
650 2 0 _aMalays
_xClothing
_zMalaysia
_94902
942 _2lcc
_cBK
998 _a006661
999 _c3107
_d3103